Statistiques concernant Les pays d'Europe par les deux dernières lettres

Cliquez ici pour prendre le quiz!

Statistiques générales

  • Ce quiz a été pris 392 fois
  • Le résultat moyen est 42 sur 45

Statistiques - réponses

Nom du pays % Correct
7Bosnie-Herzégovine
99%
44Ukraine
99%
25Macédoine
99%
2Allemagne
99%
11Espagne
99%
32Pologne
99%
1Albanie
98%
18Islande
98%
35Roumanie
98%
37Russie
98%
27Moldavie
98%
39Serbie
98%
22Lituanie
98%
21Lettonie
98%
40Slovaquie
98%
19Italie
98%
16Hongrie
98%
17Irlande
98%
15Grèce
98%
14France
98%
13Finlande
98%
12Estonie
98%
41Slovénie
98%
9Croatie
98%
8Bulgarie
98%
6Biélorussie
98%
42Suède
98%
34République Tchèque
98%
3Andorre
96%
38Saint-Marin
93%
23Liechtenstein
93%
45Vatican
93%
5Belgique
91%
33Portugal
90%
30Norvège
89%
10Danemark
89%
24Luxembourg
84%
36Royaume-Uni
83%
28Monaco
83%
20Kosovo
82%
31Pays-Bas
79%
26Malte
78%
43Suisse
77%
29Monténégro
76%
4Autriche
75%

Distribution des résultats

Percentile by Number Answered

% des personnes avec chaque résultat

Votre développement - résultats

Vous n’avez pas pris ce quiz